000 00512nam a2200193Ia 4500
005 20250326141831.0
008 250326s9999 xx 000 0 und d
037 _aTextbook
040 _aFMSL
_beng
_cFMSL
041 _aeng
_2eng
084 _aX:51:f M8
_qFMSL
100 _aBoyd H W
245 0 _aMarketing research text and cases
_cBoyd H W
250 _a6
260 _aHomewood
_bHomewood, Richard D Irwin
_c1988
300 _a851p
942 _cTB
_hX:51:f M8
999 _c1292197
_d1292197